000 00614nam a2200241Ia 4500
003 OSt
005 20220918221216.0
006 a|||||r|||| 00| 0
007 ta
008 220917b |||||||| |||| 00| 0 eng d
024 _a148,781
037 _cTextual
040 _aARTS
_cARTS
_beng
041 _2eng
_aeng
082 _aTv73.N5, J8
100 _aAdler Mortimer J
_954214
245 0 _aRevolution in education
260 _c1958
650 _aEDUCATION
700 _a Mayer Milton
_9112464
942 _hTv73.N5, J8
_cTEXL
_2CC
999 _c271457
_d271457